000 01080nam a2200229Ia 4500
999 _c37908
_d37908
001 3886
003 GE_BSU
005 20190821150450.0
008 181216s1964||||ge |||||||||||||| ||geo||
040 _cGE_BSU
041 _ageo
080 _a165.731 ა–30
100 _aავალიანი, სერგი
_9356
245 _aთანამედროვე პოზიტივიზმის ბუნებისმეცნიერების ფილოსოფია :
_bკრიტიკ. ანალიზი /
_cსაქ. სსრ მეცნ. აკად. ფილოსოფიის ინ–ტი.
264 _aთბ. :
_bმეცნიერება,
_c1964.
300 _a454 გვ.
_b22 სმ.
653 _aპოზიტივიზმი
653 _aბუნებისმეცნიერების ფილოსოფია
653 _aბუნების ფილოსოფია
710 _aსაქ. სსრ მეცნ. აკად., ფილოს. ინ-ტი.
_93594
942 _cBK
_2udc